[Event "DVM U10 2023"]
[Site "Magdeburg GER"]
[Date "2023.12.28"]
[Round "4"]
[White "Datta, Satadru"]
[Black "Bacakova, Klara"]
[Result "1-0"]
[Termination "normal"]
[Board "13.2"]
[WhiteElo "1134"]
[BlackElo "1344"]
[WhiteClock "00:07:36"]
[BlackClock "00:16:01"]
[WhiteTeam "USV Potsdam"]
[BlackTeam "SG Leipzig"]
[PlyCount "87"]
[WhiteFideId "34637931"]
[BlackFideId "34605762"]
[EventCountry "GER"]
[EventRounds "7"]
[EventType "team-swiss"]
[EventDate "2023.12.27"]

1. e4 {[%clk 00:55:09]} {[%emt 00:00:02]} c5 {[%clk 00:55:06]} {[%emt
00:00:04]} 2. Nf3 {[%clk 00:55:05]} {[%emt 00:00:08]} e6 {[%clk 00:55:06]}
{[%emt 00:00:05]} 3. d4 {[%clk 00:54:59]} {[%emt 00:00:11]} cxd4 {[%clk
00:55:07]} {[%emt 00:00:05]} 4. Nxd4 {[%clk 00:54:46]} {[%emt 00:00:18]} a6
{[%clk 00:55:04]} {[%emt 00:00:08]} 5. Nc3 {[%clk 00:54:29]} {[%emt 00:00:21]}
Qc7 {[%clk 00:55:02]} {[%emt 00:00:07]} 6. Be3 {[%clk 00:53:47]} {[%emt
00:00:44]} Nc6 {[%clk 00:54:34]} {[%emt 00:00:37]} 7. Nxc6 {[%clk 00:52:57]}
{[%emt 00:00:53]} bxc6 {[%clk 00:54:21]} {[%emt 00:00:19]} 8. Be2 {[%clk
00:52:03]} {[%emt 00:00:58]} Nf6 {[%clk 00:54:00]} {[%emt 00:00:27]} 9. O-O
{[%clk 00:50:50]} {[%emt 00:01:16]} Be7 {[%clk 00:53:55]} {[%emt 00:00:12]} 10.
Re1 {[%clk 00:50:27]} {[%emt 00:00:25]} O-O {[%clk 00:53:40]} {[%emt 00:00:23]}
11. Qd2 {[%clk 00:49:36]} {[%emt 00:00:55]} Bb4 {[%clk 00:53:05]} {[%emt
00:00:42]} 12. a3 {[%clk 00:48:19]} {[%emt 00:01:22]} Bxc3 {[%clk 00:52:44]}
{[%emt 00:00:25]} 13. Qxc3 {[%clk 00:47:05]} {[%emt 00:01:16]} Nxe4 {[%clk
00:52:23]} {[%emt 00:00:29]} 14. Qd3 {[%clk 00:45:45]} {[%emt 00:01:19]} Nf6
{[%clk 00:51:42]} {[%emt 00:00:52]} 15. Bg5 {[%clk 00:43:04]} {[%emt 00:02:42]}
Nd5 {[%clk 00:50:52]} {[%emt 00:00:59]} 16. Bf3 {[%clk 00:41:17]} {[%emt
00:01:45]} Rb8 {[%clk 00:48:58]} {[%emt 00:02:07]} 17. b3 {[%clk 00:38:52]}
{[%emt 00:02:30]} a5 {[%clk 00:45:22]} {[%emt 00:03:41]} 18. c4 {[%clk
00:35:27]} {[%emt 00:03:23]} Nb6 {[%clk 00:44:47]} {[%emt 00:00:47]} 19. Be7
{[%clk 00:33:50]} {[%emt 00:01:37]} Re8 {[%clk 00:44:26]} {[%emt 00:00:31]} 20.
Bd6 {[%clk 00:32:41]} {[%emt 00:01:11]} Qb7 {[%clk 00:44:01]} {[%emt 00:00:33]}
21. Bxb8 {[%clk 00:32:13]} {[%emt 00:00:32]} Qxb8 {[%clk 00:43:57]} {[%emt
00:00:08]} 22. Rab1 {[%clk 00:30:27]} {[%emt 00:01:49]} Qb7 {[%clk 00:40:31]}
{[%emt 00:03:35]} 23. b4 {[%clk 00:28:53]} {[%emt 00:01:39]} a4 {[%clk
00:39:57]} {[%emt 00:00:39]} 24. c5 {[%clk 00:28:25]} {[%emt 00:00:32]} Na8
{[%clk 00:39:01]} {[%emt 00:01:01]} 25. Qd6 {[%clk 00:25:29]} {[%emt 00:02:56]}
Nc7 {[%clk 00:37:39]} {[%emt 00:01:32]} 26. Qg3 {[%clk 00:22:36]} {[%emt
00:02:58]} Nb5 {[%clk 00:34:46]} {[%emt 00:02:59]} 27. Be2 {[%clk 00:21:07]}
{[%emt 00:01:15]} Nd4 {[%clk 00:34:09]} {[%emt 00:01:01]} 28. Qd3 {[%clk
00:19:32]} {[%emt 00:01:27]} Nf5 {[%clk 00:33:29]} {[%emt 00:00:57]} 29. Bg4
{[%clk 00:17:06]} {[%emt 00:02:26]} Ne7 {[%clk 00:32:29]} {[%emt 00:01:10]} 30.
b5 {[%clk 00:16:17]} {[%emt 00:00:53]} cxb5 {[%clk 00:32:01]} {[%emt 00:00:35]}
31. Rxb5 {[%clk 00:15:45]} {[%emt 00:00:36]} Qc6 {[%clk 00:30:57]} {[%emt
00:01:10]} 32. Bf3 {[%clk 00:13:56]} {[%emt 00:01:46]} Qc7 {[%clk 00:30:46]}
{[%emt 00:00:23]} 33. Reb1 {[%clk 00:12:56]} {[%emt 00:00:56]} Ba6 {[%clk
00:29:45]} {[%emt 00:01:15]} 34. Qd6 {[%clk 00:11:48]} {[%emt 00:01:07]} Qxd6
{[%clk 00:29:07]} {[%emt 00:00:48]} 35. cxd6 {[%clk 00:11:45]} {[%emt
00:00:09]} Bxb5 {[%clk 00:28:56]} {[%emt 00:00:16]} 36. dxe7 {[%clk 00:10:53]}
{[%emt 00:00:57]} Bd3 {[%clk 00:25:02]} {[%emt 00:04:00]} 37. Rd1 {[%clk
00:10:16]} {[%emt 00:00:38]} Bb5 {[%clk 00:24:38]} {[%emt 00:00:33]} 38. Rb1
{[%clk 00:09:54]} {[%emt 00:00:17]} Bd3 {[%clk 00:21:46]} {[%emt 00:03:06]} 39.
Rb7 {[%clk 00:09:36]} {[%emt 00:00:19]} d5 {[%clk 00:20:53]} {[%emt 00:01:02]}
40. Bd1 {[%clk 00:09:01]} {[%emt 00:00:37]} Rc8 {[%clk 00:19:16]} {[%emt
00:01:45]} 41. Rd7 {[%clk 00:08:21]} {[%emt 00:00:39]} Bb5 {[%clk 00:16:25]}
{[%emt 00:03:02]} 42. Rd8+ {[%clk 00:08:10]} {[%emt 00:00:16]} Rxd8 {[%clk
00:16:01]} {[%emt 00:00:30]} 43. exd8=Q+ {[%emt 00:00:04]} Be8 {[%emt
00:00:19]} 44. Qxe8# {[%clk 00:07:36]} {[%emt 00:00:09]} 1-0

[Event "DVM U10 2023"]
[Site "Magdeburg GER"]
[Date "2023.12.28"]
[Round "4"]
[White "Rose, Elias Bernd"]
[Black "El-Issa, Erik"]
[Result "1-0"]
[Termination "normal"]
[Board "13.3"]
[WhiteElo "1150"]
[BlackElo "1143"]
[WhiteClock "00:40:39"]
[BlackClock "00:31:01"]
[WhiteTeam "SG Leipzig"]
[BlackTeam "USV Potsdam"]
[PlyCount "99"]
[WhiteFideId "34665730"]
[EventCountry "GER"]
[EventRounds "7"]
[EventType "team-swiss"]
[EventDate "2023.12.27"]

1. e4 {[%clk 00:54:56]} {[%emt 00:00:13]} e5 {[%clk 00:55:06]} {[%emt
00:00:05]} 2. Nf3 {[%clk 00:54:55]} {[%emt 00:00:06]} Nc6 {[%clk 00:55:09]}
{[%emt 00:00:02]} 3. Bc4 {[%clk 00:54:51]} {[%emt 00:00:08]} Nf6 {[%clk
00:55:05]} {[%emt 00:00:09]} 4. Ng5 {[%clk 00:54:51]} {[%emt 00:00:05]} d5
{[%clk 00:55:02]} {[%emt 00:00:09]} 5. exd5 {[%clk 00:54:50]} {[%emt 00:00:05]}
Na5 {[%clk 00:54:55]} {[%emt 00:00:11]} 6. Bb5+ {[%clk 00:54:44]} {[%emt
00:00:13]} c6 {[%clk 00:54:42]} {[%emt 00:00:18]} 7. dxc6 {[%clk 00:54:39]}
{[%emt 00:00:09]} bxc6 {[%clk 00:54:37]} {[%emt 00:00:10]} 8. Qf3 {[%clk
00:54:20]} {[%emt 00:00:24]} Bb7 {[%clk 00:53:16]} {[%emt 00:01:26]} 9. Ba4
{[%clk 00:52:35]} {[%emt 00:01:50]} h6 {[%clk 00:52:52]} {[%emt 00:00:29]} 10.
Ne4 {[%clk 00:52:27]} {[%emt 00:00:13]} Nxe4 {[%clk 00:52:07]} {[%emt
00:00:50]} 11. Qxe4 {[%clk 00:52:22]} {[%emt 00:00:10]} Bd6 {[%clk 00:52:03]}
{[%emt 00:00:09]} 12. d3 {[%clk 00:51:56]} {[%emt 00:00:32]} O-O {[%emt
00:00:12]} 13. Nc3 {[%emt 00:00:26]} Bb4 {[%clk 00:50:55]} {[%emt 00:00:35]}
14. Qxb4 {[%clk 00:51:49]} {[%emt 00:00:12]} c5 {[%clk 00:50:29]} {[%emt
00:00:30]} 15. Qg4 {[%clk 00:51:47]} {[%emt 00:00:07]} Kh8 {[%clk 00:50:01]}
{[%emt 00:00:33]} 16. O-O {[%clk 00:51:28]} {[%emt 00:00:24]} Qc7 {[%clk
00:48:48]} {[%emt 00:01:18]} 17. Be3 {[%clk 00:51:07]} {[%emt 00:00:26]} c4
{[%clk 00:48:34]} {[%emt 00:00:19]} 18. d4 {[%clk 00:49:18]} {[%emt 00:01:54]}
Nc6 {[%clk 00:47:40]} {[%emt 00:00:59]} 19. Bxc6 {[%clk 00:47:57]} {[%emt
00:01:27]} Qxc6 {[%clk 00:47:04]} {[%emt 00:00:40]} 20. dxe5 {[%clk 00:47:39]}
{[%emt 00:00:23]} Rae8 {[%clk 00:46:29]} {[%emt 00:00:38]} 21. Bd4 {[%clk
00:47:27]} {[%emt 00:00:20]} Rd8 {[%clk 00:45:59]} {[%emt 00:00:35]} 22. f3
{[%clk 00:46:54]} {[%emt 00:00:38]} Bc8 {[%clk 00:44:04]} {[%emt 00:01:59]} 23.
e6 {[%clk 00:45:34]} {[%emt 00:01:26]} Rxd4 {[%clk 00:42:24]} {[%emt 00:01:45]}
24. Qxd4 {[%clk 00:45:29]} {[%emt 00:00:10]} Bxe6 {[%clk 00:42:12]} {[%emt
00:00:16]} 25. Qxa7 {[%clk 00:44:57]} {[%emt 00:00:37]} Bf5 {[%clk 00:41:32]}
{[%emt 00:00:46]} 26. Qf2 {[%clk 00:44:38]} {[%emt 00:00:23]} Qg6 {[%clk
00:40:54]} {[%emt 00:00:43]} 27. a4 {[%clk 00:43:45]} {[%emt 00:01:00]} Bxc2
{[%clk 00:40:37]} {[%emt 00:00:21]} 28. a5 {[%clk 00:43:38]} {[%emt 00:00:12]}
Bd3 {[%clk 00:39:50]} {[%emt 00:00:51]} 29. Rfe1 {[%clk 00:43:29]} {[%emt
00:00:15]} Ra8 {[%clk 00:39:34]} {[%emt 00:00:20]} 30. a6 {[%clk 00:43:22]}
{[%emt 00:00:13]} Rxa6 {[%clk 00:37:44]} {[%emt 00:01:55]} 31. Rxa6 {[%clk
00:43:16]} {[%emt 00:00:10]} Qxa6 {[%clk 00:37:34]} {[%emt 00:00:15]} 32. Ne4
{[%clk 00:42:24]} {[%emt 00:00:57]} Kh7 {[%clk 00:36:17]} {[%emt 00:01:01]} 33.
Nc5 {[%clk 00:42:13]} {[%emt 00:00:38]} Qb5 {[%clk 00:35:24]} {[%emt 00:00:57]}
34. Nxd3 {[%clk 00:42:01]} {[%emt 00:00:17]} cxd3 {[%clk 00:35:19]} {[%emt
00:00:10]} 35. Rd1 {[%clk 00:41:57]} {[%emt 00:00:10]} f5 {[%clk 00:34:34]}
{[%emt 00:00:50]} 36. h3 {[%clk 00:41:54]} {[%emt 00:00:07]} f4 {[%clk
00:34:21]} {[%emt 00:00:18]} 37. Qd2 {[%clk 00:41:48]} {[%emt 00:00:11]} Qb6+
{[%clk 00:33:49]} {[%emt 00:00:36]} 38. Kh2 {[%clk 00:41:34]} {[%emt 00:00:20]}
Kh8 {[%clk 00:33:28]} {[%emt 00:00:26]} 39. Qxf4 {[%clk 00:41:22]} {[%emt
00:00:17]} Qxb2 {[%clk 00:32:54]} {[%emt 00:00:39]} 40. Rxd3 {[%clk 00:41:13]}
{[%emt 00:00:14]} Qf6 {[%clk 00:32:18]} {[%emt 00:00:42]} 41. Qxf6 {[%clk
00:41:09]} {[%emt 00:00:09]} gxf6 {[%emt 00:00:08]} 42. Kg3 {[%emt 00:00:06]}
Kg7 {[%clk 00:31:59]} {[%emt 00:00:10]} 43. Kg4 {[%clk 00:41:05]} {[%emt
00:00:08]} Kg6 {[%clk 00:31:48]} {[%emt 00:00:17]} 44. Rd5 {[%clk 00:41:02]}
{[%emt 00:00:07]} h5+ {[%clk 00:31:30]} {[%emt 00:00:23]} 45. Rxh5 {[%clk
00:40:59]} {[%emt 00:00:08]} f5+ {[%clk 00:31:29]} {[%emt 00:00:06]} 46. Rxf5
{[%clk 00:40:56]} {[%emt 00:00:08]} Kg7 {[%clk 00:31:27]} {[%emt 00:00:07]} 47.
Kg5 {[%clk 00:40:52]} {[%emt 00:00:09]} Kh8 {[%clk 00:31:12]} {[%emt 00:00:20]}
48. Rf7 {[%clk 00:40:49]} {[%emt 00:00:08]} Kg8 {[%clk 00:31:04]} {[%emt
00:00:14]} 49. Kg6 {[%clk 00:40:47]} {[%emt 00:00:07]} Kh8 {[%clk 00:31:01]}
{[%emt 00:00:08]} 50. Rf8# {[%clk 00:40:39]} {[%emt 00:00:06]} 1-0

[Event "DVM U10 2023"]
[Site "Magdeburg GER"]
[Date "2023.12.28"]
[Round "4"]
[White "Golnik, Rasmus"]
[Black "Bacakova, Johanna"]
[Result "1-0"]
[Termination "normal"]
[Board "13.4"]
[WhiteElo "1006"]
[BlackElo "773"]
[WhiteClock "00:28:38"]
[BlackClock "00:04:03"]
[WhiteTeam "USV Potsdam"]
[BlackTeam "SG Leipzig"]
[PlyCount "123"]
[EventCountry "GER"]
[EventRounds "7"]
[EventType "team-swiss"]
[EventDate "2023.12.27"]

1. e4 {[%clk 00:55:09]} e5 {[%clk 00:55:02]} {[%emt 00:00:09]} 2. Nf3 {[%clk
00:55:07]} {[%emt 00:00:07]} Nc6 {[%clk 00:54:46]} {[%emt 00:00:21]} 3. Bb5
{[%clk 00:55:05]} {[%emt 00:00:07]} d6 {[%clk 00:53:57]} {[%emt 00:00:54]} 4.
Nc3 {[%clk 00:54:57]} {[%emt 00:00:13]} Nf6 {[%clk 00:53:22]} {[%emt 00:00:39]}
5. d4 {[%clk 00:54:39]} {[%emt 00:00:24]} exd4 {[%clk 00:52:58]} {[%emt
00:00:28]} 6. Nxd4 {[%clk 00:54:37]} {[%emt 00:00:07]} Be7 {[%clk 00:51:52]}
{[%emt 00:01:11]} 7. Nxc6 {[%clk 00:54:28]} {[%emt 00:00:15]} bxc6 {[%clk
00:51:32]} {[%emt 00:00:24]} 8. Bxc6+ {[%clk 00:54:27]} {[%emt 00:00:06]} Bd7
{[%clk 00:50:43]} {[%emt 00:00:54]} 9. Bxa8 {[%clk 00:54:23]} {[%emt 00:00:10]}
Qxa8 {[%clk 00:49:57]} {[%emt 00:00:51]} 10. Qe2 {[%clk 00:54:01]} {[%emt
00:00:26]} O-O {[%emt 00:03:03]} 11. O-O Bc6 {[%clk 00:46:03]} {[%emt
00:01:07]} 12. Re1 {[%emt 00:00:51]} Qb8 {[%emt 00:02:21]} 13. b3 {[%clk
00:52:50]} {[%emt 00:00:14]} Qb4 {[%clk 00:42:14]} {[%emt 00:01:53]} 14. Bd2
{[%emt 00:01:38]} Qd4 {[%emt 00:01:04]} 15. Rac1 {[%emt 00:01:04]} Qe5 {[%emt
00:02:03]} 16. Qd3 {[%emt 00:02:04]} Qh5 {[%emt 00:02:30]} 17. Qg3 {[%clk
00:48:23]} {[%emt 00:00:23]} Kh8 {[%clk 00:33:56]} {[%emt 00:02:39]} 18. e5
{[%clk 00:47:56]} {[%emt 00:00:33]} dxe5 {[%clk 00:33:15]} {[%emt 00:00:45]}
19. Qxe5 {[%clk 00:47:21]} {[%emt 00:00:40]} Qxe5 {[%clk 00:32:03]} {[%emt
00:01:17]} 20. Rxe5 {[%clk 00:47:18]} {[%emt 00:00:09]} Bd6 {[%clk 00:31:26]}
{[%emt 00:00:42]} 21. Ree1 {[%clk 00:47:09]} {[%emt 00:00:14]} Ng4 {[%clk
00:30:02]} {[%emt 00:01:28]} 22. h3 {[%clk 00:42:44]} {[%emt 00:04:31]} Nf6
{[%clk 00:28:26]} {[%emt 00:01:39]} 23. Ne2 {[%clk 00:42:20]} {[%emt 00:00:31]}
h6 {[%clk 00:26:34]} {[%emt 00:01:56]} 24. Bf4 {[%clk 00:42:04]} {[%emt
00:00:21]} Bb4 {[%clk 00:25:12]} {[%emt 00:01:27]} 25. c3 {[%clk 00:41:48]}
{[%emt 00:00:21]} Ba3 {[%clk 00:24:21]} {[%emt 00:00:56]} 26. Rcd1 {[%clk
00:41:29]} {[%emt 00:00:24]} Rc8 {[%clk 00:23:03]} {[%emt 00:01:23]} 27. b4
{[%clk 00:41:24]} {[%emt 00:00:11]} Bb2 {[%clk 00:20:16]} {[%emt 00:02:52]} 28.
Rb1 {[%clk 00:41:08]} {[%emt 00:00:21]} Ba3 {[%clk 00:19:38]} {[%emt 00:00:43]}
29. Rb3 {[%clk 00:41:06]} {[%emt 00:00:07]} Bxb4 {[%clk 00:19:06]} {[%emt
00:00:36]} 30. cxb4 {[%emt 00:00:17]} Be4 {[%clk 00:17:20]} {[%emt 00:01:48]}
31. Nd4 {[%clk 00:40:22]} {[%emt 00:00:41]} Bd5 {[%clk 00:16:00]} {[%emt
00:01:24]} 32. Rb2 {[%clk 00:40:04]} {[%emt 00:00:23]} c6 {[%clk 00:14:27]}
{[%emt 00:01:39]} 33. Rc2 {[%clk 00:38:38]} {[%emt 00:01:31]} a6 {[%clk
00:13:20]} {[%emt 00:01:12]} 34. a4 {[%clk 00:38:17]} {[%emt 00:00:27]} Kg8
{[%clk 00:11:51]} {[%emt 00:01:33]} 35. b5 {[%clk 00:37:46]} {[%emt 00:00:36]}
axb5 {[%clk 00:11:14]} {[%emt 00:00:41]} 36. axb5 {[%clk 00:37:36]} {[%emt
00:00:16]} c5 {[%clk 00:10:16]} {[%emt 00:01:03]} 37. b6 {[%clk 00:37:11]}
{[%emt 00:00:30]} c4 {[%clk 00:08:23]} {[%emt 00:01:58]} 38. f3 {[%clk
00:36:28]} {[%emt 00:00:48]} c3 {[%clk 00:07:35]} {[%emt 00:00:52]} 39. Rb1
{[%clk 00:36:09]} {[%emt 00:00:25]} Nd7 {[%clk 00:05:47]} {[%emt 00:01:52]} 40.
b7 {[%clk 00:35:48]} {[%emt 00:00:27]} Bxb7 {[%clk 00:05:36]} {[%emt 00:00:15]}
41. Rxb7 {[%clk 00:35:40]} {[%emt 00:00:13]} Nf6 {[%clk 00:05:37]} {[%emt
00:00:05]} 42. Rb8 {[%clk 00:34:59]} {[%emt 00:00:45]} Rxb8 {[%clk 00:05:23]}
{[%emt 00:00:19]} 43. Bxb8 {[%clk 00:34:57]} {[%emt 00:00:07]} Kf8 {[%clk
00:05:20]} {[%emt 00:00:09]} 44. Rxc3 {[%clk 00:34:22]} {[%emt 00:00:40]} Ke7
{[%clk 00:05:15]} {[%emt 00:00:10]} 45. Be5 {[%clk 00:33:31]} {[%emt 00:00:55]}
Kd7 {[%clk 00:04:35]} {[%emt 00:00:46]} 46. Bxf6 {[%clk 00:33:18]} {[%emt
00:00:17]} gxf6 {[%clk 00:04:36]} {[%emt 00:00:04]} 47. Re3 {[%clk 00:33:10]}
{[%emt 00:00:14]} Kd6 {[%clk 00:04:31]} {[%emt 00:00:10]} 48. Nf5+ {[%clk
00:33:04]} {[%emt 00:00:10]} Kd5 {[%clk 00:04:29]} {[%emt 00:00:07]} 49. Nxh6
{[%clk 00:33:02]} {[%emt 00:00:07]} Kd4 {[%clk 00:04:19]} {[%emt 00:00:15]} 50.
Re8 {[%clk 00:33:01]} {[%emt 00:00:06]} Kd5 {[%clk 00:04:15]} {[%emt 00:00:09]}
51. Nxf7 {[%clk 00:32:51]} {[%emt 00:00:16]} f5 {[%clk 00:04:10]} {[%emt
00:00:09]} 52. h4 {[%clk 00:32:31]} {[%emt 00:00:26]} f4 {[%clk 00:04:07]}
{[%emt 00:00:08]} 53. h5 {[%clk 00:32:24]} {[%emt 00:00:11]} Kc6 {[%clk
00:03:59]} {[%emt 00:00:14]} 54. h6 {[%clk 00:32:20]} {[%emt 00:00:09]} Kd7
{[%clk 00:04:01]} {[%emt 00:00:03]} 55. Re1 {[%clk 00:32:13]} {[%emt 00:00:12]}
Kc6 {[%clk 00:04:00]} {[%emt 00:00:06]} 56. h7 {[%clk 00:32:10]} {[%emt
00:00:08]} Kd5 {[%clk 00:04:01]} {[%emt 00:00:03]} 57. h8=Q {[%clk 00:32:00]}
{[%emt 00:00:15]} Kc5 {[%clk 00:04:00]} {[%emt 00:00:06]} 58. Qd8 {[%clk
00:31:44]} {[%emt 00:00:21]} Kc4 {[%clk 00:04:03]} {[%emt 00:00:03]} 59. Rc1+
{[%clk 00:31:38]} {[%emt 00:00:11]} Kb3 {[%clk 00:04:04]} {[%emt 00:00:04]} 60.
Qb8+ {[%clk 00:30:57]} {[%emt 00:00:46]} Ka2 {[%clk 00:04:04]} {[%emt
00:00:05]} 61. Rc7 {[%clk 00:29:29]} {[%emt 00:01:33]} Ka3 {[%clk 00:04:03]}
{[%emt 00:00:06]} 62. Ra7# {[%clk 00:28:38]} {[%emt 00:00:56]} 1-0